000 00523nam a22001937a 4500
003 KOHA_MİRAKIL
005 20251030134505.0
008 251030b tu ||||| |||| 00| 0 tur d
020 _a9786254494765
040 _aTR-AnABB
_btur
_cTR-AnABB
041 _atur
082 _a956.1014092
_bOCA 2022
100 1 _aOcak, Ahmet Yaşar,
245 1 0 _aSarı Saltık /
_cAhmet Yaşar Ocak
260 _aİstanbul :
_bAlfa Basım Yayım,
_c2022
300 _a250 sayfa ;
_c21 cm
650 0 4 _aTarih
942 _2ddc
_cBK
999 _c9234
_d9234
900 _bGizem YORULMAZ